00684nam a2200229 450000100070000000500170000700800410002401000170006502000150008204000180009704100080011508000140012308200140013710000070015110100080015824500710016650400300023790600450026794200120031299900170032495201130034185105120180314080651.0701019s1970 nyua b 001 0 eng  a 78107545  a0124722520 aDLCcDLCdDLC aeng a531.3 MAR00a531.3 MAR1 a26 aMEK10aClassical dynamics of particles and systemsc[by] Jerry B. Marion. aBibliography: p. 557-562. a7bcbccorignewd4encipf19gy-gencatlg 2ddccBK c45002d45002 00102udc40708PËKGa002b002cPËKGd2018-03-14l0o531.3 MARp002-3001780r2018-03-14w2018-03-14yBK